Về triển vọng của chủ nghĩa xã hội trong hai thập niên đầu thế kỷ XXI
Một số vấn đề phương pháp luận nhận thức về triển vọng của chủ nghĩa xã hội. Một số yếu tố cơ bản đang tác động tới triển vọng của chủ nghĩa xã hội trong hai thập niên đầu thế kỷ XXI. Về tiến trình phát triển của chủ nghĩa xã ho...
Uloženo v:
| Hlavní autor: | |
|---|---|
| Médium: | Kniha |
| Jazyk: | Undetermined |
| Vydáno: |
Hà Nội
Chính trị Quốc gia
2006
|
| Témata: | |
| Tagy: |
Přidat tag
Žádné tagy, Buďte první, kdo otaguje tento záznam!
|
| Thư viện lưu trữ: | Trung tâm Học liệu Trường Đại học Cần Thơ |
|---|
| LEADER | 01066nam a2200205Ia 4500 | ||
|---|---|---|---|
| 001 | CTU_120976 | ||
| 008 | 210402s9999 xx 000 0 und d | ||
| 020 | |c 24000 | ||
| 082 | |a 335.412 | ||
| 082 | |b N312 | ||
| 100 | |a Nguyễn, An Ninh | ||
| 245 | 0 | |a Về triển vọng của chủ nghĩa xã hội trong hai thập niên đầu thế kỷ XXI | |
| 245 | 0 | |c Nguyễn An Ninh | |
| 260 | |a Hà Nội | ||
| 260 | |b Chính trị Quốc gia | ||
| 260 | |c 2006 | ||
| 520 | |a Một số vấn đề phương pháp luận nhận thức về triển vọng của chủ nghĩa xã hội. Một số yếu tố cơ bản đang tác động tới triển vọng của chủ nghĩa xã hội trong hai thập niên đầu thế kỷ XXI. Về tiến trình phát triển của chủ nghĩa xã hội trong hai thập niên đầu thế kỷ XXI. | ||
| 650 | |a Communism,Economic policy,Socialism | ||
| 904 | |i Giang | ||
| 980 | |a Trung tâm Học liệu Trường Đại học Cần Thơ | ||